Financial risk management / (Record no. 79596)
[ view plain ]
| 000 -LEADER | |
|---|---|
| fixed length control field | 00716nam a22002177a 4500 |
| 005 - DATE AND TIME OF LATEST TRANSACTION | |
| control field | 20131101115114.0 |
| 010 ## - LCCN (DPL NO) | |
| LC control number | B-495530-534 |
| 020 ## - INTERNATIONAL STANDARD BOOK NUMBER | |
| International Standard Book Number | 9789350515518 |
| Terms of availability | 1250.00 |
| 035 ## - SYSTEM CONTROL NUMBER | |
| System control number | B-495530-534 |
| 037 ## - SOURCE OF ACQUISITION | |
| Source of stock number/acquisition | HPH/Ven |
| Stock number | dpl |
| 082 ## - DEWEY DECIMAL CLASSIFICATION NUMBER | |
| Edition number | 2nd ed. |
| 100 ## - MAIN ENTRY--PERSONAL NAME | |
| Personal name | Vivek |
| 245 ## - TITLE STATEMENT | |
| Title | Financial risk management / |
| Statement of responsibility, etc | by Vivek [and] P.N. Asthana |
| 260 ## - PUBLICATION, DISTRIBUTION, ETC. (IMPRINT) | |
| Place of publication, distribution, etc | Mumbai |
| Name of publisher, distributor, etc | Himalaya Publishing House |
| Date of publication, distribution, etc | 2012 |
| 270 ## - ADDRESS | |
| Address | Ramdoot Dr. Bhalerao Marg, Girgaon |
| City | Mumbai |
| Postal code | 400004 |
| 300 ## - PHYSICAL DESCRIPTION | |
| Extent | 400p. : |
| Dimensions | 22cm(Hb) |
| Other physical details | ill. |
| 500 ## - GENERAL NOTE | |
| General note | includes index |
| 700 ## - ADDED ENTRY--PERSONAL NAME | |
| Personal name | Asthana, P.N. |
| 942 ## - ADDED ENTRY ELEMENTS (KOHA) | |
| Source of classification or shelving scheme | Dewey Decimal Classification |
| Item type | English Books |
| Call number suffix | VIV |
| Classification part | 658.155 |
| Withdrawn status | Lost status | Not for loan | Collection code | Home library | Current library | Date acquired | Source of acquisition | Cost, normal purchase price | Full call number | Barcode | Copy number | Cost, replacement price | Koha item type | Public note |
|---|---|---|---|---|---|---|---|---|---|---|---|---|---|---|
| Non-fiction | Central Library | Central Library | 01/11/2013 | HPH/A443489/09.03.2013/170/09.03.2013/15.03.2013 | 1250.00 | 658.155 VIV | B-495530 | 1 | 1250.00 | English Books | Legal Case (Register 2018) | |||
| Non-fiction | Janak Puri | Janak Puri | 01/11/2013 | HPH/A443489/09.03.2013/170/09.03.2013/15.03.2013 | 1250.00 | 658.155 VIV | B-495532 | 1 | 1250.00 | English Books | ||||
| Non-fiction | Patel Nagar | Patel Nagar | 01/11/2013 | HPH/A443489/09.03.2013/170/09.03.2013/15.03.2013 | 1250.00 | 658.155 VIV | B-495531 | 1 | 1250.00 | English Books | ||||
| Non-fiction | Sarojini Nagar | Sarojini Nagar | 01/11/2013 | HPH/A443489/09.03.2013/170/09.03.2013/15.03.2013 | 1250.00 | 658.155 VIV | B-495533 | 1 | 1250.00 | English Books | ||||
| Non-fiction | Shahdara Branch | Shahdara Branch | 01/11/2013 | HPH/A443489/09.03.2013/170/09.03.2013/15.03.2013 | 1250.00 | 658.155 VIV | B-495534 | 1 | 1250.00 | English Books |
